Statystyki dla Miasta w Polsce zakończone na -iec na mapie

Kliknij tutaj aby rozwiązać quiz!

Ogólne statystyki

  • Ten quiz został rozwiązany 71 razy
    (16 od ostatniego zresetowania)
  • Średni wynik to 11 z 21

Odpowiedzi na mapie

Odpowiedzi skodowane kolorowo w zielono-czerwonej skali na mapie do tego quizu, zgodnie z poniższymi procentami.
 

Statystyki odpowiedzi

WojewództwoMiasto% Poprawnych
ŚląskieSosnowiec
92%
DolnośląskieBolesławiec
85%
ŁódzkieBolesławiec
85%
ŚląskieŻywiec
85%
ŚląskieLubliniec
77%
WielkopolskieWągrowiec
69%
MazowieckieSzydłowiec
62%
ZachodniopomorskieMirosławiec
46%
ŚląskieOgrodzieniec
46%
ŚwiętokrzyskieOpatowiec
46%
Warmińsko-MazurskieBiskupiec
38%
PodlaskieCiechanowiec
38%
DolnośląskieNowogrodziec
38%
ŚwiętokrzyskiePołaniec
38%
LubelskieRejowiec
38%
DolnośląskieWęgliniec
38%
ZachodniopomorskieZłocieniec
38%
LubelskieZwierzyniec
38%
Kujawsko-PomorskieLubraniec
31%
MazowieckieMyszyniec
31%
WielkopolskiePoniec
31%

Rozkład punktacji

Percentyl według liczby udzielonych odpowiedzi

Procent ludzi z każdym wynikiem

Twoja historia wyników

Nie rozwiązałeś tego quizu od ostatniego zresetowania